[Event "Veletrzni turnaj 2019"]
[Site "Brno"]
[Date "2019.08.26"]
[Round "3.17"]
[White "Rehurek, Karel"]
[Black "Dvoracek, Jan Matyas"]
[Result "0-1"]
[WhiteElo "1743"]
[BlackElo "1574"]
[PlyCount "118"]
[EventDate "2019.08.25"]

1. e4 c5 2. Nc3 Nc6 3. g3 g6 4. Bg2 Bg7 5. d3 d6 6. Be3 e6 7. Qc1 Nge7 8. Nf3
Rb8 9. O-O b5 10. Rb1 O-O 11. Bh6 Bd7 12. Bxg7 Kxg7 13. Ne2 d5 14. exd5 exd5
15. d4 c4 16. c3 Bf5 17. Ra1 b4 18. Nh4 Bg4 19. Re1 h6 20. h3 Bc8 21. Nf3 g5
22. h4 f6 23. b3 Ba6 24. bxc4 Bxc4 25. Nd2 Bb5 26. Nb3 Nc8 27. h5 Bd3 28. g4
Re8 29. Ng3 Nb6 30. Nc5 Be4 31. f3 Qd6 32. Ngxe4 dxe4 33. Nxe4 Qf4 34. cxb4
Nxb4 35. Qxf4 gxf4 36. Nd6 Rxe1+ 37. Rxe1 N4d5 38. Nf5+ Kh7 39. Bf1 Rc8 40. Bd3
Rc3 41. Be4 Nb4 42. Ne7+ Kg7 43. d5 Nd3 44. Re2 Ne5 45. Kg2 Nbc4 46. Nc6 Ne3+
47. Kh3 Nf7 48. Ne7 Ng5+ 49. Kh2 Nxe4 50. fxe4 Nxg4+ 51. Kg1 f3 52. Nf5+ Kf8
53. Rf2 Nxf2 54. Kxf2 Rc2+ 55. Kxf3 Rxa2 56. Nxh6 a5 57. Ng4 a4 58. Nxf6 Ra1
59. d6 Rf1+ 0-1

[Event "Veletrzni turnaj 2019"]
[Site "Brno"]
[Date "2019.08.26"]
[Round "3.19"]
[White "Zikan, Karel"]
[Black "Keprt, Tomas"]
[Result "1/2-1/2"]
[WhiteElo "1717"]
[BlackElo "1438"]
[PlyCount "78"]
[EventDate "2019.08.25"]

1. Nf3 d5 2. d4 Nf6 3. c4 c6 4. cxd5 cxd5 5. Nc3 e6 6. Bg5 Be7 7. e3 O-O 8. Bd3
Nc6 9. O-O Bd7 10. Rc1 Rc8 11. a3 h6 12. Bh4 Na5 13. Ne5 Nc4 14. Qe2 b5 15. Bb1
Nh7 16. Qc2 f5 17. Bxe7 Qxe7 18. Ng6 Qg5 19. Nxf8 Nxf8 20. Qe2 Ng6 21. Bd3 a6
22. Bxc4 dxc4 23. f3 Bc6 24. Rcd1 Rd8 25. Kh1 h5 26. g3 h4 27. Rg1 Qh5 28. e4
fxe4 29. Nxe4 Rf8 30. Kg2 h3+ 31. Kf2 Qd5 32. Rge1 Ne7 33. f4 Nf5 34. Qg4 Nxd4
35. Qxh3 Rf5 36. Ng5 Rxg5 37. fxg5 Qf3+ 38. Kg1 Qh1+ 39. Kf2 Bg2 1/2-1/2

[Event "Veletrzni turnaj 2019"]
[Site "Brno"]
[Date "2019.08.26"]
[Round "3.20"]
[White "Habinova, Alice"]
[Black "Petlan, Ivan"]
[Result "0-1"]
[WhiteElo "1356"]
[BlackElo "1951"]
[PlyCount "80"]
[EventDate "2019.08.25"]

1. e4 c5 2. d4 cxd4 3. c3 dxc3 4. Nxc3 Nc6 5. Nf3 d6 6. Bc4 a6 7. O-O Nf6 8.
Qe2 Bg4 9. Qd3 Bxf3 10. Qxf3 Ne5 11. Qe2 Nxc4 12. Qxc4 Rc8 13. Qb3 Qc7 14. Be3
b5 15. Rac1 Qb8 16. Rfd1 Nd7 17. Nd5 e6 18. Nb4 Qb7 19. Nd3 Be7 20. f3 O-O 21.
Qb4 Nc5 22. Nxc5 dxc5 23. Qe1 c4 24. Kh1 Bf6 25. Qf2 Rfd8 26. Bf4 g6 27. e5 Be7
28. Bh6 Rd5 29. Qg3 Rcd8 30. Rf1 Rd3 31. h4 Qd5 32. h5 Qd4 33. hxg6 hxg6 34.
Qf2 Qxe5 35. g4 Qh8 36. Qh2 Bd6 37. f4 Bf8 38. Bg5 Qxh2+ 39. Kxh2 Rd2+ 40. Kh1
R8d3 0-1

[Event "Veletrzni turnaj 2019"]
[Site "Brno"]
[Date "2019.08.26"]
[Round "3.21"]
[White "Bauer, Miroslav"]
[Black "Spodny, Josef"]
[Result "1/2-1/2"]
[WhiteElo "1611"]
[BlackElo "1856"]
[PlyCount "20"]
[EventDate "2019.08.25"]

1. e4 e5 2. Nf3 Nc6 3. d4 exd4 4. Nxd4 Nxd4 5. Qxd4 Ne7 6. Bc4 Nc6 7. Qd5 Qf6
8. Bg5 Qe6 9. Nc3 Bb4 10. O-O-O Bxc3 1/2-1/2

[Event "Veletrzni turnaj 2019"]
[Site "Brno"]
[Date "2019.08.26"]
[Round "3.22"]
[White "Pelikan, Jaromir"]
[Black "Zaza, Martin"]
[Result "0-1"]
[WhiteElo "1760"]
[BlackElo "1234"]
[PlyCount "80"]
[EventDate "2019.08.25"]

1. Nf3 Nf6 2. g3 g6 3. b3 Bg7 4. Bb2 b6 5. Bg2 Bb7 6. c4 c5 7. O-O O-O 8. Nc3
e6 9. d4 d5 10. cxd5 Nxd5 11. Nxd5 Bxd5 12. Qd3 Nc6 13. e4 Nb4 14. Qe2 Bb7 15.
Rfd1 Ba6 16. Qd2 Nd3 17. Bf1 Nxb2 18. Qxb2 Bxf1 19. Kxf1 cxd4 20. Nxd4 Qf6 21.
Qe2 Rfd8 22. Nc6 Rxd1+ 23. Rxd1 Qc3 24. Qb5 Qc2 25. Rd7 Qxa2 26. Nxa7 Rxa7 27.
Rd8+ Bf8 28. Qb4 Qa1+ 29. Kg2 Qg7 30. Qxb6 Re7 31. b4 f5 32. Qc6 Qf7 33. b5
fxe4 34. Qxe4 Qf5 35. Qb4 Rf7 36. Qb2 Qe4+ 37. Kg1 h5 38. h4 Kh7 39. b6 Bg7 40.
Qd2 Qb1+ 0-1

[Event "Veletrzni turnaj 2019"]
[Site "Brno"]
[Date "2019.08.26"]
[Round "3.23"]
[White "Tajovsky, Simon"]
[Black "Mares, Jaroslav"]
[Result "0-1"]
[WhiteElo "1494"]
[BlackElo "1990"]
[PlyCount "102"]
[EventDate "2019.08.25"]

1. d4 Nf6 2. c4 e6 3. Nc3 d5 4. Nf3 c6 5. cxd5 exd5 6. Bf4 Nh5 7. Be5 f6 8. Bg3
Nxg3 9. hxg3 Bd6 10. e3 Nd7 11. Bd3 Nf8 12. Qc2 h6 13. O-O-O Be6 14. Bg6+ Nxg6
15. Qxg6+ Kf8 16. e4 Qe8 17. Nh4 Be7 18. f4 Bf7 19. Qf5 Kg8 20. e5 fxe5 21.
dxe5 Bxh4 22. gxh4 Bg6 23. Qh3 Qf7 24. Rdf1 Qf5 25. Qxf5 Bxf5 26. Rhg1 h5 27.
Ne2 Kf7 28. Nd4 g6 29. Re1 Rhe8 30. Re3 a6 31. Nxf5 gxf5 32. Rg3 Rg8 33. Rg5
Rxg5 34. hxg5 c5 35. Rd1 d4 36. Kc2 Ke6 37. b4 b6 38. bxc5 bxc5 39. Rb1 Kd5 40.
Rb6 c4 41. g6 Rg8 42. Rf6 a5 43. Rd6+ Kc5 44. Rf6 a4 45. a3 Rg7 46. g3 d3+ 47.
Kc3 Rb7 48. Rf7 Rb3+ 49. Kd2 Rb2+ 50. Kd1 c3 51. g7 Rb1# 0-1

[Event "Veletrzni turnaj 2019"]
[Site "Brno"]
[Date "2019.08.26"]
[Round "3.24"]
[White "Zezula, Jakub"]
[Black "Haupt, Jaromir"]
[Result "0-1"]
[WhiteElo "1213"]
[BlackElo "1743"]
[PlyCount "56"]
[EventDate "2019.08.25"]

1. e4 d6 2. Nf3 Nf6 3. Nc3 g6 4. d4 Bg7 5. Be3 c6 6. Be2 b5 7. a3 a6 8. O-O O-O
9. Qd2 Re8 10. Rad1 Nbd7 11. Bg5 Qc7 12. Rfe1 Bb7 13. e5 Nd5 14. Nxd5 cxd5 15.
Bh6 Bh8 16. exd6 Qxd6 17. Bd3 e5 18. Qe3 e4 19. c3 Nf6 20. Bf4 Qf8 21. Ng5 exd3
22. Be5 Ng4 23. Qh3 h5 24. Qxd3 Nxe5 25. dxe5 Rxe5 26. Rxe5 Bxe5 27. Re1 Re8
28. Nf3 Bf6 0-1

[Event "Veletrzni turnaj 2019"]
[Site "Brno"]
[Date "2019.08.26"]
[Round "3.25"]
[White "Blazek, Pavel"]
[Black "Sojka, Oldrich"]
[Result "1-0"]
[WhiteElo "1730"]
[BlackElo "1447"]
[PlyCount "53"]
[EventDate "2019.08.25"]

1. Nf3 Nc6 2. Nc3 Nf6 3. e4 e5 4. Bb5 d6 5. d3 Be7 6. O-O Bd7 7. Ne2 a6 8. Ba4
h6 9. c4 O-O 10. h3 Nh7 11. d4 Qc8 12. d5 Nd8 13. Bxd7 Qxd7 14. Ng3 Bf6 15. Nf5
Bg5 16. Nxg5 hxg5 17. Qg4 Qe8 18. Bxg5 Nxg5 19. Qxg5 g6 20. Nh6+ Kg7 21. Ng4 f6
22. Qh6+ Kg8 23. f4 exf4 24. Rxf4 f5 25. exf5 gxf5 26. Qg5+ Kh8 27. Ne5 1-0

[Event "Veletrzni turnaj 2019"]
[Site "Brno"]
[Date "2019.08.26"]
[Round "3.26"]
[White "Krystl, Jaromir"]
[Black "Zezula, Matej"]
[Result "1-0"]
[WhiteElo "1548"]
[BlackElo "1026"]
[PlyCount "79"]
[EventDate "2019.08.25"]

1. e4 e5 2. Nf3 Nc6 3. Bb5 Nf6 4. d3 Bc5 5. c3 Bb6 6. Bxc6 bxc6 7. Nxe5 Qe7 8.
Bf4 d6 9. Nxc6 Qd7 10. Nd4 Bxd4 11. cxd4 d5 12. e5 Qe7 13. O-O Ng4 14. h3 Nh6
15. Bxh6 gxh6 16. Nc3 Qe6 17. Qf3 Bb7 18. Qf6 Qxf6 19. exf6 O-O-O 20. Rfe1 Rde8
21. Re5 Rxe5 22. dxe5 Re8 23. f4 Rg8 24. Re1 d4 25. Ne4 Bd5 26. b3 a6 27. Kf2
Kb7 28. g3 Kc6 29. Rc1+ Kb5 30. Rc5+ Kb4 31. Rxd5 Ka3 32. Ra5+ Kb2 33. Rxa6 Kc2
34. Nc5 Rc8 35. Ra7 Kd2 36. f5 Re8 37. e6 fxe6 38. fxe6 Rf8 39. f7 c6 40. Re7
1-0

[Event "Veletrzni turnaj 2019"]
[Site "Brno"]
[Date "2019.08.27"]
[Round "4.2"]
[White "Vyskocil, Neklan"]
[Black "Nemec, David"]
[Result "1/2-1/2"]
[WhiteElo "2306"]
[BlackElo "1982"]
[PlyCount "69"]
[EventDate "2019.08.25"]

1. d4 Nf6 2. Nf3 e6 3. Bf4 b6 4. e3 Bb7 5. h3 Be7 6. Nbd2 Ne4 7. Nxe4 Bxe4 8.
Nd2 Bb7 9. Bd3 d6 10. O-O Nd7 11. Bh2 e5 12. c3 O-O 13. Qc2 h6 14. Rad1 Bf6 15.
Ne4 Re8 16. Nxf6+ Qxf6 17. Bb5 c6 18. Bd3 Qe7 19. e4 Nf8 20. f4 exd4 21. cxd4
d5 22. e5 Qb4 23. Kh1 Ne6 24. a3 Qf8 25. Bh7+ Kh8 26. Bf5 Qe7 27. Bg4 c5 28.
dxc5 Nxc5 29. f5 f6 30. exf6 Qxf6 31. Qd2 Ne4 32. Qd4 Rac8 33. Bh5 Re7 34. Bg6
Rc2 35. Qxf6 1/2-1/2

[Event "Veletrzni turnaj 2019"]
[Site "Brno"]
[Date "2019.08.27"]
[Round "4.3"]
[White "Dirgas, Josef"]
[Black "Stehlik, Jiri"]
[Result "1-0"]
[WhiteElo "2114"]
[BlackElo "1886"]
[PlyCount "59"]
[EventDate "2019.08.25"]

1. Nf3 d5 2. g3 g6 3. Bg2 Bg7 4. d4 Nf6 5. O-O O-O 6. c4 c6 7. b3 Ne4 8. Bb2 a5
9. Nc3 Nxc3 10. Bxc3 Be6 11. Ng5 Bf5 12. e4 dxe4 13. Nxe4 Nd7 14. Qd2 Nf6 15.
Nxf6+ Bxf6 16. d5 Bxc3 17. Qxc3 Qc7 18. dxc6 bxc6 19. Rfe1 f6 20. Qe3 Kf7 21.
Qc5 Rfc8 22. Re3 Qa7 23. Qa3 Rc7 24. Rae1 Re8 25. c5 Qa8 26. Qa4 Kf8 27. g4 Bd7
28. Qf4 Qa7 29. Qh6+ Kg8 30. Rxe7 1-0

[Event "Veletrzni turnaj 2019"]
[Site "Brno"]
[Date "2019.08.27"]
[Round "4.4"]
[White "Krejci, Petr"]
[Black "Straka, Vojtech"]
[Result "1/2-1/2"]
[WhiteElo "1979"]
[BlackElo "1997"]
[PlyCount "138"]
[EventDate "2019.08.25"]

1. f4 c6 2. Nf3 d5 3. g3 Nf6 4. Bg2 g6 5. d3 Bg7 6. c3 Qb6 7. e3 Nbd7 8. h3 h6
9. g4 Nh7 10. d4 Nhf6 11. Nbd2 Qc7 12. O-O g5 13. Ne5 Nxe5 14. dxe5 Nd7 15. Nf3
e6 16. b3 f6 17. Nd4 Nf8 18. Ba3 fxe5 19. fxe5 Bxe5 20. Qd3 Qg7 21. Rf3 Bd7 22.
Raf1 O-O-O 23. Bc5 Bb8 24. a4 Ng6 25. Rf7 Ne5 26. Rxg7 Nxd3 27. Be7 Rde8 28.
Bf6 Be5 29. Bxe5 Nxe5 30. e4 Rhf8 31. Rxf8 Rxf8 32. Rh7 Rf6 33. exd5 cxd5 34.
c4 dxc4 35. bxc4 Nxc4 36. Bxb7+ Kxb7 37. Rxd7+ Kb6 38. Re7 e5 39. Nb5 a6 40.
Nc3 Ka5 41. Rc7 Nd2 42. Kg2 Rd6 43. Kf2 Kb4 44. Ke2 Nb3 45. Ne4 Rc6 46. Re7
Kxa4 47. Rxe5 Re6 48. Rxe6 Nd4+ 49. Kd3 Nxe6 50. Kc4 Nf4 51. Ng3 Nxh3 52. Nf5
Nf2 53. Nxh6 Ka3 54. Nf7 Ne4 55. Kd4 Nf2 56. Nxg5 Kb4 57. Ne6 Nxg4 58. Nc5 a5
59. Na6+ Kb5 60. Nc7+ Ka4 61. Kc3 Nf6 62. Kb2 Ne4 63. Nd5 Nc5 64. Ka2 Nd3 65.
Nc3+ Kb4 66. Nd5+ Kc5 67. Nc3 Kc4 68. Ka3 Nc5 69. Ne4 Nxe4 1/2-1/2

[Event "Veletrzni turnaj 2019"]
[Site "Brno"]
[Date "2019.08.27"]
[Round "4.5"]
[White "Vavrinkova, Anna"]
[Black "Jires, Jiri"]
[Result "1/2-1/2"]
[WhiteElo "1652"]
[BlackElo "2073"]
[PlyCount "139"]
[EventDate "2019.08.25"]

1. e4 e5 2. Nf3 Nc6 3. Bb5 a6 4. Ba4 Nf6 5. O-O Be7 6. c3 b5 7. Bc2 d6 8. h3
O-O 9. d3 Nb8 10. Nbd2 Nbd7 11. Re1 Re8 12. Bb3 Nc5 13. Bc2 Bb7 14. Nf1 h6 15.
Ng3 Bf8 16. b3 d5 17. exd5 Qxd5 18. b4 e4 19. dxe4 Qxd1 20. Rxd1 Ncxe4 21. Nxe4
Nxe4 22. Bb2 c5 23. Rd7 Bc6 24. Rc7 Rac8 25. Rxc8 Rxc8 26. a3 c4 27. Rd1 Re8
28. Nd4 Bb7 29. Re1 Nf6 30. Rxe8 Nxe8 31. a4 Nc7 32. Bc1 g6 33. Bf4 Nd5 34. Bd2
bxa4 35. Bxa4 Bg7 36. Ne2 f5 37. b5 Kf7 38. bxa6 Bxa6 39. Bc6 Ne7 40. Bd7 Nd5
41. Bc6 Nf6 42. f3 Ke7 43. Ba4 Kd6 44. Kf2 Nd5 45. Be8 g5 46. Bg6 Bc8 47. Bf7
Be6 48. Be8 Bd7 49. Bf7 Be5 50. Bxd5 Kxd5 51. f4 Bf6 52. g3 Ke4 53. fxg5 hxg5
54. Nc1 Be5 55. Ne2 Bf6 56. Nc1 f4 57. Ne2 Kd3 58. Bc1 Ke4 59. gxf4 gxf4 60.
Nxf4 Bxc3 61. h4 Bf6 62. Ng2 Be8 63. Ke2 c3 64. Kd1 Kf3 65. Ne3 Ba4+ 66. Nc2
Bb5 67. Ba3 Be2+ 68. Kc1 Bxh4 69. Nd4+ Ke3 70. Nxe2 1/2-1/2

[Event "Veletrzni turnaj 2019"]
[Site "Brno"]
[Date "2019.08.27"]
[Round "4.6"]
[White "Sipek, Michal"]
[Black "Licka, Vlastimil"]
[Result "1-0"]
[WhiteElo "2010"]
[BlackElo "1872"]
[PlyCount "73"]
[EventDate "2019.08.25"]

1. c4 e5 2. Nc3 Nf6 3. a3 d5 4. cxd5 Nxd5 5. g3 Nxc3 6. bxc3 Bd6 7. Bg2 c6 8.
Nf3 Qe7 9. Qc2 O-O 10. O-O Be6 11. d3 f6 12. a4 a5 13. Nd2 Qd7 14. Ne4 Be7 15.
Be3 Na6 16. Bb6 f5 17. Nd2 Bd8 18. Rab1 Bxb6 19. Rxb6 Qc7 20. Rb2 Rab8 21. Rfb1
b6 22. Nf3 h6 23. d4 e4 24. Ne5 c5 25. e3 Rfc8 26. Qe2 cxd4 27. exd4 Qa7 28.
Bf1 Nc7 29. Nc6 Qa8 30. Nxb8 Rxb8 31. Rxb6 Rxb6 32. Rxb6 Qe8 33. c4 Qxa4 34. d5
Bd7 35. Qb2 Kh7 36. Qe5 Ne8 37. Qe7 1-0

[Event "Veletrzni turnaj 2019"]
[Site "Brno"]
[Date "2019.08.27"]
[Round "4.7"]
[White "Pokladnik, Martin"]
[Black "Krupica, Pavel"]
[Result "1/2-1/2"]
[WhiteElo "1980"]
[BlackElo "1856"]
[PlyCount "54"]
[EventDate "2019.08.25"]

1. e4 c5 2. Nf3 Nc6 3. Bb5 g6 4. Bxc6 dxc6 5. d3 Bg7 6. O-O Nf6 7. c3 O-O 8.
Na3 Qc7 9. Qe2 Rd8 10. Rd1 b6 11. Nc2 e5 12. c4 Nh5 13. g3 Bg4 14. Ne3 Qd7 15.
Nxg4 Qxg4 16. Nd4 Qxe2 17. Nxe2 Rd7 18. Be3 Rad8 19. Nc1 f5 20. Bg5 Bf6 21.
Bxf6 Nxf6 22. exf5 gxf5 23. f3 e4 24. fxe4 fxe4 25. Rf1 exd3 26. Nxd3 Rxd3 27.
Rxf6 Rd2 1/2-1/2

[Event "Veletrzni turnaj 2019"]
[Site "Brno"]
[Date "2019.08.27"]
[Round "4.8"]
[White "Glozar, Petr"]
[Black "Nekvasil, Radek"]
[Result "1-0"]
[WhiteElo "1903"]
[BlackElo "1708"]
[PlyCount "119"]
[EventDate "2019.08.25"]

1. e4 b6 2. d4 Bb7 3. Nc3 e6 4. Nf3 Be7 5. Bd3 d6 6. O-O Nd7 7. Qe2 c5 8. dxc5
bxc5 9. Ba6 Rb8 10. Bxb7 Rxb7 11. Rd1 Qb6 12. Nd2 Ne5 13. f4 Nc6 14. Nc4 Qc7
15. Be3 Nd4 16. Qd3 Bf6 17. a4 a6 18. Bf2 Ne7 19. e5 dxe5 20. fxe5 Bxe5 21.
Nxe5 Qxe5 22. Bg3 Qf5 23. Qxa6 Rd7 24. Ne2 O-O 25. Nxd4 cxd4 26. Qd3 Rc8 27. c3
Qxd3 28. Rxd3 Rb7 29. Rxd4 Rxb2 30. a5 Ra8 31. a6 Nd5 32. Rd3 f5 33. a7 f4 34.
Bf2 Kf7 35. Bd4 Rb7 36. Rdd1 Ne7 37. Rdb1 Rc7 38. Rb8 Rc8 39. Rxc8 Nxc8 40. Rb1
Nxa7 41. Rb7+ Kf8 42. Bxa7 Rc8 43. Rb8 Rxb8 44. Bxb8 g5 45. c4 Ke7 46. Kf2 Kd7
47. Kf3 Kc6 48. Ba7 h5 49. Ke4 h4 50. h3 Kd6 51. Bg1 Kd7 52. Ke5 Ke7 53. c5 Kf7
54. Kd6 Kf6 55. c6 e5 56. c7 e4 57. c8=Q e3 58. Qe6+ Kg7 59. Bxe3 fxe3 60. Qxe3
1-0

[Event "Veletrzni turnaj 2019"]
[Site "Brno"]
[Date "2019.08.27"]
[Round "4.9"]
[White "Marsa, Alexandr"]
[Black "Zuziak, Petr"]
[Result "1-0"]
[WhiteElo "1853"]
[BlackElo "1900"]
[PlyCount "59"]
[EventDate "2019.08.25"]

1. d4 Nf6 2. c4 g6 3. Nc3 d5 4. Bf4 Bg7 5. e3 O-O 6. Qb3 c6 7. Nf3 b6 8. cxd5
Nxd5 9. Nxd5 cxd5 10. Rc1 Bf5 11. Be2 Nd7 12. Qxd5 Be6 13. Qb7 Bxa2 14. O-O Nf6
15. e4 Be6 16. Rfd1 Ne8 17. d5 Bg4 18. e5 a5 19. h3 Rb8 20. Qa6 Bf5 21. Nd4 Ra8
22. Qb5 Bd7 23. Nc6 Bxc6 24. Rxc6 Nc7 25. Qc4 Na6 26. d6 Nb4 27. Rc7 exd6 28.
Rxd6 Qe8 29. e6 f6 30. Rdd7 1-0

[Event "Veletrzni turnaj 2019"]
[Site "Brno"]
[Date "2019.08.27"]
[Round "4.10"]
[White "Pavlik, Vladimir"]
[Black "Dvoracek, Jan Matyas"]
[Result "1/2-1/2"]
[WhiteElo "1898"]
[BlackElo "1574"]
[PlyCount "97"]
[EventDate "2019.08.25"]

1. e4 d6 2. d4 Nf6 3. Nc3 c6 4. Nf3 Qc7 5. Bc4 h6 6. a4 e5 7. h3 Nbd7 8. O-O
Be7 9. Be3 Nf8 10. d5 g5 11. Nd2 Ng6 12. b4 g4 13. hxg4 Nxg4 14. dxc6 bxc6 15.
Re1 f5 16. exf5 Bxf5 17. Bd3 Qd7 18. b5 Bxd3 19. cxd3 cxb5 20. axb5 Nxe3 21.
fxe3 O-O 22. Qh5 Kg7 23. Rf1 Bg5 24. Qe2 d5 25. Nf3 Bd8 26. d4 exd4 27. Nxd4
Bb6 28. Qh5 Bxd4 29. exd4 Rxf1+ 30. Rxf1 Rd8 31. Rf5 Qe6 32. Nxd5 Qe1+ 33. Kh2
Qh4+ 34. Qxh4 Nxh4 35. Rh5 Ng6 36. Ne3 Nf4 37. Re5 Rd7 38. g4 Kg6 39. Nf5 h5
40. Kg3 Nd3 41. gxh5+ Kxh5 42. Re7 Rd5 43. Ne3 Rxd4 44. Rxa7 Rb4 45. Rb7 Nc5
46. Rb8 Nd7 47. Rh8+ Kg6 48. Rg8+ Kh5 49. Rh8+ 1/2-1/2

[Event "Veletrzni turnaj 2019"]
[Site "Brno"]
[Date "2019.08.27"]
[Round "4.12"]
[White "Petlan, Ivan"]
[Black "Kriz, Tomas"]
[Result "0-1"]
[WhiteElo "1951"]
[BlackElo "1521"]
[PlyCount "46"]
[EventDate "2019.08.25"]

1. d4 f5 2. g3 Nf6 3. Bg2 g6 4. Nf3 Bg7 5. O-O O-O 6. c4 d6 7. Nc3 Nc6 8. e3 e5
9. d5 Na5 10. Qe2 c5 11. dxc6 bxc6 12. b4 Nb7 13. Bb2 e4 14. Nd4 c5 15. Nc2 Qb6
16. b5 Be6 17. Rfd1 Rfd8 18. Bf1 Na5 19. Na3 Nd7 20. Nd5 Bxd5 21. Rxd5 Ne5 22.
Qd1 Nf3+ 23. Kg2 Bxb2 0-1

[Event "Veletrzni turnaj 2019"]
[Site "Brno"]
[Date "2019.08.27"]
[Round "4.13"]
[White "Vaculik, Martin"]
[Black "Wunsch, Radek"]
[Result "0-1"]
[WhiteElo "1772"]
[BlackElo "1833"]
[PlyCount "100"]
[EventDate "2019.08.25"]

1. d4 Nf6 2. c4 c5 3. d5 e5 4. Nc3 d6 5. e4 Be7 6. g3 Nbd7 7. Bg2 Nf8 8. Nge2
Ng6 9. O-O O-O 10. Qd3 a6 11. a4 b6 12. b3 Rb8 13. f4 exf4 14. gxf4 Ne8 15. Ng3
Bf6 16. Ra2 Nc7 17. Nh5 Bd4+ 18. Be3 Qh4 19. Ng3 Nxf4 20. Rxf4 Qxf4 21. Qxd4
Qxg3 22. hxg3 cxd4 23. Bxd4 Re8 24. Rd2 Bg4 25. e5 dxe5 26. d6 Na8 27. Bxe5
Rxe5 28. d7 Rd8 29. Bxa8 Rxd7 30. Nd5 Kf8 31. Kf2 Be6 32. Kf3 Bxd5+ 33. Bxd5 a5
34. Kf4 Re1 35. Rd3 g6 36. g4 f6 37. Rh3 Kg7 38. Rf3 Re5 39. Kg3 h5 40. gxh5
Rxh5 41. Re3 Re5 42. Rf3 f5 43. Kf4 Kf6 44. Rg3 Rdxd5 45. cxd5 Rxd5 46. Rc3 g5+
47. Kg3 Rd6 48. Kf2 g4 49. Re3 f4 50. Rc3 Kf5 0-1

[Event "Veletrzni turnaj 2019"]
[Site "Brno"]
[Date "2019.08.27"]
[Round "4.14"]
[White "Tajovsky, Matej"]
[Black "Ulcak, Michael"]
[Result "1-0"]
[WhiteElo "1819"]
[BlackElo "1443"]
[PlyCount "51"]
[EventDate "2019.08.25"]

1. e4 e5 2. Nf3 Nc6 3. Nc3 Nf6 4. Bb5 Bb4 5. O-O O-O 6. d3 d6 7. Bg5 Bxc3 8.
bxc3 Qe7 9. Re1 Nd8 10. d4 h6 11. Bh4 Ne6 12. Bc4 g5 13. Bg3 Nf4 14. h4 N6h5
15. hxg5 hxg5 16. dxe5 dxe5 17. Nxe5 Nxg3 18. fxg3 Qxe5 19. gxf4 Qxf4 20. Qd4
Bg4 21. Rf1 Qg3 22. Qf6 Bh5 23. Rf5 Qe3+ 24. Kh1 Kh7 25. Rxg5 Bg6 26. Rg4 1-0

[Event "Veletrzni turnaj 2019"]
[Site "Brno"]
[Date "2019.08.27"]
[Round "4.15"]
[White "Neduchal, Jiri"]
[Black "Keprt, Tomas"]
[Result "0-1"]
[WhiteElo "1790"]
[BlackElo "1438"]
[PlyCount "34"]
[EventDate "2019.08.25"]

1. d4 d5 2. Nf3 Nf6 3. e3 c6 4. Bd3 Bg4 5. Nbd2 e6 6. O-O Be7 7. c3 O-O 8. Qe2
Nbd7 9. e4 dxe4 10. Nxe4 Nxe4 11. Bxe4 Nf6 12. Bc2 Nd5 13. h3 Bh5 14. a3 Qc7
15. g3 c5 16. dxc5 Bxc5 17. c4 Qxg3+ 0-1

[Event "Veletrzni turnaj 2019"]
[Site "Brno"]
[Date "2019.08.27"]
[Round "4.16"]
[White "Zaza, Martin"]
[Black "Hrdlicka, Vladan"]
[Result "1-0"]
[WhiteElo "1234"]
[BlackElo "1774"]
[PlyCount "59"]
[EventDate "2019.08.25"]

1. b3 e5 2. Bb2 Nc6 3. e3 Nf6 4. Bb5 d6 5. d4 e4 6. d5 a6 7. Bxc6+ bxc6 8. dxc6
g6 9. Nc3 Bf5 10. h3 h5 11. Nge2 Bg7 12. Ng3 h4 13. Nxf5 gxf5 14. Nd5 Rg8 15.
Nf4 a5 16. Rb1 Ra6 17. Qe2 Rb6 18. Bxf6 Bxf6 19. Nd5 Rb8 20. Qh5 Be7 21. Qxf5
Rxg2 22. Nf6+ Kf8 23. Nd7+ Kg8 24. Nxb8 Qxb8 25. Qxe4 Rg6 26. Qxe7 Qb4+ 27. Ke2
Qb5+ 28. c4 Qh5+ 29. Kd2 Qf3 30. Qxh4 1-0

[Event "Veletrzni turnaj 2019"]
[Site "Brno"]
[Date "2019.08.27"]
[Round "4.17"]
[White "Mares, Jaroslav"]
[Black "Nisztuk, Michal"]
[Result "0-1"]
[WhiteElo "1990"]
[BlackElo "1630"]
[PlyCount "38"]
[EventDate "2019.08.25"]

1. c4 e5 2. Nc3 Nf6 3. g3 Bb4 4. Bg2 O-O 5. Qc2 c6 6. e4 Na6 7. Nge2 Nc5 8. a3
Bxc3 9. Nxc3 d6 10. d3 Bg4 11. h3 Bh5 12. Be3 Ne6 13. g4 Bg6 14. Ne2 Qa5+ 15.
b4 Qc7 16. d4 d5 17. f3 Rfd8 18. Rd1 b6 19. Qb2 dxe4 0-1

[Event "Veletrzni turnaj 2019"]
[Site "Brno"]
[Date "2019.08.27"]
[Round "4.18"]
[White "Spodny, Josef"]
[Black "Lisik, Miroslav"]
[Result "1/2-1/2"]
[WhiteElo "1856"]
[BlackElo "1654"]
[PlyCount "68"]
[EventDate "2019.08.25"]

1. e4 c5 2. Nf3 g6 3. Bc4 Bg7 4. O-O Nc6 5. Nc3 d6 6. h3 Nf6 7. d3 O-O 8. Be3
a6 9. a4 Bd7 10. Qd2 Na5 11. Bh6 Nxc4 12. dxc4 Bc6 13. Bxg7 Kxg7 14. Rfe1 Qc7
15. Nd5 Bxd5 16. exd5 Rfe8 17. Rad1 Rab8 18. a5 b5 19. axb6 Qxb6 20. b3 Qb4 21.
Qxb4 Rxb4 22. Ra1 Rb6 23. Ra5 e6 24. dxe6 fxe6 25. Ng5 h6 26. Nf3 Rc6 27. Rea1
Ra8 28. Kf1 Kf7 29. Ke2 Ke7 30. Rd1 Ne4 31. Ke3 Nf6 32. Rda1 Kf7 33. Rd1 Ke7
34. Rda1 Kf7 1/2-1/2

[Event "Veletrzni turnaj 2019"]
[Site "Brno"]
[Date "2019.08.27"]
[Round "4.19"]
[White "Bauer, Miroslav"]
[Black "Veznik, Michael"]
[Result "1-0"]
[WhiteElo "1611"]
[BlackElo "1811"]
[PlyCount "43"]
[EventDate "2019.08.25"]

1. e4 d5 2. exd5 Qxd5 3. d4 e5 4. Nf3 Bg4 5. Be2 Nc6 6. c4 Bb4+ 7. Nc3 Qe4 8.
O-O Bxc3 9. bxc3 Nge7 10. h3 Bh5 11. g4 Bg6 12. d5 O-O-O 13. Ng5 Nxd5 14. Nxe4
Nf4 15. Qc2 f5 16. gxf5 Nxh3+ 17. Kg2 Bxf5 18. Nd6+ Kb8 19. Qxf5 Nf4+ 20. Bxf4
exf4 21. Nxb7 Kxb7 22. Rab1+ 1-0

[Event "Veletrzni turnaj 2019"]
[Site "Brno"]
[Date "2019.08.27"]
[Round "4.20"]
[White "Krystl, Jaromir"]
[Black "Rehurek, Karel"]
[Result "0-1"]
[WhiteElo "1548"]
[BlackElo "1743"]
[PlyCount "114"]
[EventDate "2019.08.25"]

1. g3 Nf6 2. Bg2 g6 3. d3 Bg7 4. c4 d5 5. cxd5 Nxd5 6. Qb3 Nb6 7. Bd2 O-O 8.
Bc3 N8d7 9. Bxg7 Kxg7 10. Nd2 Nf6 11. Rc1 c6 12. Ngf3 Be6 13. Nc4 Nxc4 14. dxc4
Qc7 15. O-O Rad8 16. Qc3 Kg8 17. Ng5 Bc8 18. Rfd1 h6 19. Ne4 Nxe4 20. Bxe4 Rd6
21. Rxd6 exd6 22. Rd1 Qe7 23. Bf3 Qe5 24. Qa3 Rd8 25. Rd3 a6 26. Qb4 Qe7 27.
Qb6 Be6 28. Qe3 Kh7 29. Rd4 Qg5 30. Qxg5 hxg5 31. b3 Kg7 32. e4 Kf6 33. Kg2 Ke5
34. Rd2 g4 35. Bd1 Kxe4 36. Bc2+ Ke5 37. Re2+ Kd4 38. Bxg6 d5 39. Rd2+ Kc3 40.
Rc2+ Kb4 41. Bd3 a5 42. f4 gxf3+ 43. Kxf3 a4 44. h4 axb3 45. axb3 Kxb3 46. c5
Rg8 47. Rc1 Kb4 48. Kf2 Bg4 49. Ke3 Bh5 50. Kf2 Re8 51. Rc2 Bg6 52. Bxg6 fxg6
53. Rb2+ Kxc5 54. Rxb7 d4 55. Rb1 Kd5 56. g4 c5 57. Kf3 d3 0-1

[Event "Veletrzni turnaj 2019"]
[Site "Brno"]
[Date "2019.08.27"]
[Round "4.21"]
[White "Haupt, Jaromir"]
[Black "Brychta, Jan"]
[Result "1-0"]
[WhiteElo "1743"]
[BlackElo "1457"]
[PlyCount "55"]
[EventDate "2019.08.25"]

1. c4 e6 2. Nc3 f5 3. g3 Nf6 4. Bg2 c6 5. Nf3 d5 6. cxd5 cxd5 7. e3 Bd6 8. b3
Nbd7 9. Nb5 Be7 10. Qc2 Nc5 11. b4 Na6 12. a3 Bd7 13. Nbd4 Rc8 14. Qd3 O-O 15.
Ne5 Nb8 16. Bb2 Qb6 17. f4 Be8 18. O-O h5 19. Rac1 Rxc1 20. Rxc1 Ne4 21. Qe2
Bf6 22. d3 Bxe5 23. dxe4 Bf6 24. exd5 exd5 25. Bxd5+ Bf7 26. Bxf7+ Rxf7 27.
Rc8+ Rf8 28. Qc4+ 1-0

[Event "Veletrzni turnaj 2019"]
[Site "Brno"]
[Date "2019.08.27"]
[Round "4.25"]
[White "Hradek, Matyas"]
[Black "Habinova, Alice"]
[Result "1/2-1/2"]
[WhiteElo "1546"]
[BlackElo "1356"]
[PlyCount "37"]
[EventDate "2019.08.25"]

1. e4 c5 2. Nf3 Nc6 3. d4 cxd4 4. Nxd4 Nf6 5. Nc3 e5 6. Ndb5 d6 7. f3 a6 8. Na3
Be7 9. Be3 b5 10. Nd5 Nxd5 11. exd5 Nb8 12. c4 bxc4 13. Nxc4 Nd7 14. Bd3 O-O
15. O-O Bb7 16. Bf5 Rb8 17. Rc1 g6 18. Bb1 Rc8 19. Qd3 1/2-1/2